The Unstable ground: Corporate social policy in a dynamic society

সংরক্ষণ করুন:
গ্রন্থ-পঞ্জীর বিবরন
প্রধান লেখক: S. Prakash Sethi
বিন্যাস: গ্রন্থ
ভাষা:Undetermined
প্রকাশিত: Los Angeles Melville Publishing Company 1974
বিষয়গুলি:
ট্যাগগুলো: ট্যাগ যুক্ত করুন
কোনো ট্যাগ নেই, প্রথমজন হিসাবে ট্যাগ করুন!
Thư viện lưu trữ: Trung tâm Học liệu Trường Đại học Cần Thơ
LEADER 00568nam a2200193Ia 4500
001 CTU_84663
008 210402s9999 xx 000 0 und d
082 |a 301.5 
082 |b T495 
100 |a S. Prakash Sethi 
245 4 |a The Unstable ground: Corporate social policy in a dynamic society 
245 0 |c S. Prakash Sethi 
260 |a Los Angeles 
260 |b Melville Publishing Company 
260 |c 1974 
650 |a corporations,industries 
650 |x social aspect 
650 |z united states 
980 |a Trung tâm Học liệu Trường Đại học Cần Thơ